Central Library OPAC University of Rajshahi

সমালোচনা-সাহিত্য / (Record no. 53185)

MARC details
000 -LEADER
fixed length control field 01066nam a2200253 a 4500
001 - CONTROL NUMBER
control field 53185
003 - CONTROL NUMBER IDENTIFIER
rucl marc code BD-RjUL
005 - DATE AND TIME OF LATEST TRANSACTION
control field 20211209075925.0
008 - FIXED-LENGTH DATA ELEMENTS--GENERAL INFORMATION
fixed length control field 161003s1963 ii ||||| |||| 00| 0 ben d
020 ## - INTERNATIONAL STANDARD BOOK NUMBER
Terms of availability : IRs 10.00
035 ## - SYSTEM CONTROL NUMBER
System control number (BD-RjUL)53305
040 ## - CATALOGING SOURCE
Original cataloging agency BD-RjUL
Language of cataloging ben
Transcribing agency BD-RjUL
041 ## - LANGUAGE CODE
Language code of text/sound track or separate title ben
082 ## - DEWEY DECIMAL CLASSIFICATION NUMBER
Edition number 23
Classification number 891.4409
Author mark and year BAS 1963
100 ## - MAIN ENTRY--PERSONAL NAME
Personal name বন্দ্যোপাধ্যায়, কুমার
9 (RLIN) 135388
245 10 - TITLE STATEMENT
Title সমালোচনা-সাহিত্য /
Statement of responsibility, etc. কুমার বন্দ্যোপাধ্যায়
250 ## - EDITION STATEMENT
Edition statement ৩য় সং.
260 ## - PUBLICATION, DISTRIBUTION, ETC. (IMPRINT)
Place of publication, distribution, etc. কলিকাতা :
Name of publisher, distributor, etc. মুখার্জী কোঃ,
Date of publication, distribution, etc. ১৯৬৩ [১৩৭০]
300 ## - PHYSICAL DESCRIPTION
Pagination ৪৪৮ পৃ. ;
Size ২১ সেমি.
650 ## - SUBJECT ADDED ENTRY--TOPICAL TERM
Topical term or geographic name as entry element বাংলা সাহিত্য
General subdivision ইতিহাস ও সমালোচনা
9 (RLIN) 158986
Topical term or geographic name as entry element Bengali Literature
General subdivision History & Criticism
9 (RLIN) 158987
700 ## - ADDED ENTRY--PERSONAL NAME
Personal name পাল, প্রফুল্লচন্দ্র, সম্পাদক
942 ## - ADDED ENTRY ELEMENTS (KOHA)
Source of classification or shelving scheme Dewey Decimal Classification
Koha item type Books
Holdings
Lost status Source of classification or shelving scheme Damaged status Not for loan Collection code Permanent Location Current Location Shelving location Date acquired Source of acquisition Cost, normal purchase price Total Checkouts Full call number Date last seen Date checked out Copy number Koha item type
  Dewey Decimal Classification     Non-fiction Central Library, University of Rajshahi Central Library, University of Rajshahi   08/02/1965 Dhaka, Ideal library 5.62 1 B 891.4409 BAS 1963 22/04/2017 17/04/2017 C-2 Books